000 00216nam a22000857a 4500
008 170121b xxu||||| |||| 00| 0 eng d
100 _92524
_aRiddens
245 _aFor Those who Teach
260 _aAustralia
_bACER PRESS
_c2016
999 _c5608
_d5608